000 00732nam a22002297a 4500
005 20170124110100.0
010 _aB-010484
020 _c290.00
_a818665125
035 _aB-010484
037 _bCen Lib/Ret
040 _aDPL
_bEN
082 _a657
_bBHA
100 _aBhatnagar, V.R.
_926970
245 _aQuestion bank commerce /
_cby V.R. Bhatnagar; edited by Ranjan S. Bhatia
260 _bDhillon Group Publications
_aNew Delhi
_c1997
270 _aE-12, kalkaji
_bNew Delhi
_e110019
300 _axii, 464p.
_c24cm(Hb)
650 _aCommerce
_xquestions, papers, exercise etc
_926971
650 _aBasics fundamentals
_926972
700 _aBhatia, Ranjan S.
_910021
942 _2ddc
_cEN
_h657
_mBHA
999 _c129637
_d129637